[Event "Rowy Jantar op-B 11th"]
[Site "Rowy"]
[Date "2002.06.14"]
[Round "7"]
[White "Slesinski, Eugeniusz"]
[Black "Ciesla, Konrad"]
[Result "0-1"]
[WhiteElo "1800"]
[BlackElo "1800"]
[PlyCount "52"]
[EventDate "2002.06.??"]
[EventType "swiss"]
[EventRounds "8"]
[EventCountry "POL"]
[SourceTitle "EXT 2006"]
[Source "ChessBase"]
[SourceDate "2005.11.24"]
[SourceVersion "1"]
[SourceVersionDate "2005.11.24"]
[SourceQuality "1"]

1. d4 Nf6 2. c4 e6 3. Nc3 d5 4. Nf3 c6 5. cxd5 cxd5 6. e3 Nbd7 7. Bd3 Bb4 8. 0-0 0-0 9. a3 Ba5 10. b4 Bc7 11. Bb2 e5 12. dxe5 Nxe5 13. Nxe5 Bxe5 14. f4 Bg4 15. Qe1 Bc7 16. Nb5 Bb6 17. Qg3 Bd7 18. Nd4 Qe7 19. Rfe1 Nh5 20. Qf3 Nf6 21. Bf5 Bxd4 22. exd4 Qd6 23. Bxd7 Qxd7 24. Rac1 Rac8 25. Re2 Rxc1+ 26. Bxc1 Qa4 0-1